Global Language Vocabulary- Q - Statistics

General Stats
  • This quiz has been taken 57 times
  • The average score is 3 of 12
Answer Stats
Language Answer % Correct
English Queen
100%
Italian Regina
40%
Swedish Drottning
20%
Arabic ملكة, malika
20%
Chinese (Simplified) 女王, nǚwáng
16%
Greek Βασίλισσα, vasílissa
14%
Latvian Karaliene
10%
Māori Kuini
8%
Hindi रानी, raanee
8%
Hausa Sarauniya
8%
Uzbek Qirolicha
6%
Sundanese Ratu
6%
No matching quizzes found
Score Distribution
Percent of People with Each Score
Percentile by Number Answered
Your Score History
You have not taken this quiz